Sledovanie frekvencie žmurknutí používateľa počítača

Enregistré dans:
Détails bibliographiques
Auteur principal: Polatsek, Patrik, 1991- (Auteur)
Autres auteurs: Fogelton, Andrej, 1988- (Directeur de thèse)
Format: Manuscrit Livre
Langue:anglais
Publié: Bratislava : STU v Bratislave FIIT, 2013
Sujets:
Accès en ligne:VAIS
Tags: Ajouter un tag
Pas de tags, Soyez le premier à ajouter un tag!

MARC

LEADER 00000ntm a22000003a 4500
001 stu275785
005 20160211164851.1
008 131005s2013----xo------------------eng-d
040 |a STU  |b slo 
041 0 |a eng 
044 |a xo 
100 1 |a Polatsek, Patrik,  |d 1991-  |4 aut  |r Z4  |u I300  |U FIIT Fakulta informatiky a informačných technológií  |T FIIT Ústav aplikovanej informatiky  |X 5737  |U I300  |Y 180  |7 5737 
242 0 0 |a Blink Rate Tracking of Computer User  |y eng 
245 1 |a Sledovanie frekvencie žmurknutí používateľa počítača 
260 |a Bratislava :  |b STU v Bratislave FIIT,  |c 2013 
300 |a 76 s  |c príl. 
650 7 |a informatika  |2 stusub 
650 7 |a Informatics  |2 estusub 
650 7 |a počítačové videnie  |2 stusub 
700 1 |a Fogelton, Andrej,  |d 1988-  |4 ths  |u I300  |U FIIT Fakulta informatiky a informačných technológií  |T FIIT Ústav aplikovanej informatiky  |X 36271  |U I300  |Y 180  |7 36271 
856 4 |a info a plný text  |u http://is.stuba.sk/zp/portal_zp.pl?podrobnosti=77740  |3 VAIS 
996 |b IBAP108/13  |c I*BAP108/13  |l II680  |s A  |a 24  |w stu275785_0001